Statistiques concernant Naruto / Boruto - Habitants du Mont Myoboku et ses invocateurs

Cliquez ici pour prendre le quiz!

Statistiques générales

  • Ce quiz a été pris 20 fois
  • Le résultat moyen est 9 sur 19

Statistiques - réponses

Réponse% Correct
Gama
100%
Gamabunta
100%
Jiraya
100%
Konohamaru
100%
Minato
100%
Naruto
100%
Gamakichi
71%
Gamatatsu
43%
Shima
43%
Fukasaku
36%
Gamaken
36%
Gamahiro
29%
Gamamaru
7%
Gamatama
7%
Kosuke
7%
Gamaden
0%
Gamakiri
0%
Gekomatsu
0%
Gerotora
0%

Distribution des résultats

Percentile par nombre de réponses

% des personnes avec chaque résultat

Votre développement - résultats

Vous n’avez pas pris ce quiz